000 01130nam a22003257a 4500
001 BR2015004118
003 BR-BrBNA
005 20230928104706.0
007 ta
008 230509b bl.||||| |||| 00| 0 por d
040 _aBR-BrBNA
_bpor
_cBiblioteca Nacional de Agricultura
041 _a(Por)
072 _aL73; L50
_b5400
_b4140
090 _ 5400 BR2015004118
100 1 _aMoura, A.C.J.
110 1 _aUniversidade Federal de Minas Gerais, Belo Horizonte (Brasil). Escola de Veterinária
_0(Mestre em Ciência Animal)
245 1 _aAvaliação clínico-laboratorial e do xenodiagnóstico de cães com anticorpos anti-leishmania e de cães vacinados com leishmune, provenientes de área endêmica para leishmaniose visceral canina
260 3 _aBelo Horizonte, MG (Brasil):
_c2013.
300 _a96 p.
500 _aSummaries (Eng, Por); Bibliography p. 58-62; 11 tables
650 _aCÃO
650 _aLEISHMANIOSE
650 _aANÁLISE DE LABORATÓRIO
650 _aANTICORPO
650 _aVACINA
650 _aELISA
650 _aDIAGNÓSTICO
909 _a202309
_bLucia
_c55
_dLucia Elande
942 _cBK
999 _c81234
_d81234